000
00304nam a22001337a 4500
008
171201b xxu||||| |||| 00| 0 eng d
020
_a
9780131182677
041
_a
eng
080
_2
7TH
_a
618.2
100
_a
2
101
_a
INF
245
_a
LABORATORY AND DIAGNOSTIC TESTS
_c
KEE,J.L
942
_2
udc
_c
BK
999
_c
38656
_d
38656